Utazás a régmúlt kultúrák emlékei között

Elmentve itt :
Bibliográfiai részletek
Szerző: Kudász Ildikó
További közreműködők: nincs megadva (Témavezető)
Dokumentumtípus: Szakdolgozat
Megjelent: 1998
Tárgyszavak:
Online Access:http://diploma.bibl.u-szeged.hu/104038
LEADER 00675nta a2200193 i 4500
001 dipl104038
005 20210119133656.0
008 210119s1998 hu om 0|| zxx d
040 |a SZTE Diploma Repozitórium  |b hun 
041 |a zxx 
100 1 |a Kudász Ildikó 
245 1 0 |a Utazás a régmúlt kultúrák emlékei között  |h [elektronikus dokumentum] /  |c Ildikó Kudász 
260 |c 1998 
650 4 |a Pedagógusképzés 
650 4 |a Humanities 
650 4 |a Arts (arts, history of arts, performing arts, music) 
650 4 |a Arts, art history 
700 1 |a nincs megadva  |e ths 
856 4 0 |u http://diploma.bibl.u-szeged.hu/id/eprint/104038/1/1998_kudasz_ildiko.pdf  |z Dokumentum-elérés